|
|
|
|
| LEADER |
00000nam0a2200000 4500 |
| 001 |
280311 |
| 005 |
20231101235307.0 |
| 035 |
|
|
|a (RuTPU)RU\TPU\book\303620
|
| 090 |
|
|
|a 280311
|
| 100 |
|
|
|a 20141226d1964 k y0rusy50 ca
|
| 101 |
0 |
|
|a rus
|
| 102 |
|
|
|a RU
|
| 105 |
|
|
|a a z 000zy
|
| 200 |
1 |
|
|a Четырехслойные палетки частотного электромагнитного зондирования
|e альбом
|f Л. Л. Ваньян [и др.]
|g Академия наук СССР (АН СССР), Сибирское отделение (СО), Институт геологии и геофизики (ИГиГ) ; Всесоюзный научно-исследовательский институт геофизических методов разведки (ВНИИГеофизика)
|
| 210 |
|
|
|a Москва
|c Изд-во АН СССР (СО)
|d 1964
|
| 215 |
|
|
|a 50 отд. л.
|c граф.
|
| 606 |
1 |
|
|a Геофизическая разведка
|2 stltpush
|3 (RuTPU)RU\TPU\subj\6259
|9 34187
|
| 610 |
1 |
|
|a зондирование
|
| 610 |
1 |
|
|a электромагнитное зондирование
|
| 610 |
1 |
|
|a палетки
|
| 610 |
1 |
|
|a альбомы
|
| 675 |
|
|
|a 550.83(084)
|v 3
|
| 701 |
|
1 |
|a Ваньян
|b Л. Л.
|
| 701 |
|
1 |
|a Морозова
|b Г. М.
|
| 701 |
|
1 |
|a Ложеницына
|b В. Л.
|
| 701 |
|
1 |
|a Терехин
|b Е. П.
|
| 701 |
|
1 |
|a Штиммер
|b А. И.
|
| 712 |
0 |
2 |
|a Академия наук СССР (АН СССР)
|b Сибирское отделение (СО)
|b Институт геологии и геофизики (ИГиГ)
|c (Новосибирск)
|2 stltpush
|3 (RuTPU)RU\TPU\col\128
|
| 712 |
0 |
2 |
|a Всесоюзный научно-исследовательский институт геофизических методов разведки (ВНИИГеофизика)
|2 stltpush
|3 (RuTPU)RU\TPU\col\12036
|
| 801 |
|
1 |
|a RU
|b 63413507
|c 20141226
|
| 801 |
|
2 |
|a RU
|b 63413507
|c 20150420
|g RCR
|
| 942 |
|
|
|c BK
|